000 00719cam a22002411 4500
001 1895
003 BD-RjUL
005 20211208233433.0
008 750409r19591951xx 001 0 engs
035 _a(BD-RjUL)1922
035 _a(OCoLC)1262883
040 _aDLC
_cTxShA
_dUk
_dDLC
_dBD-RjUL
_beng
041 _aeng
082 _a330.1
_221
_bWIM 1959
100 _aWilliams, John Henry
_96255
245 0 0 _aMoney, trade, and economic growth :
_bin honor of John Henry Williams /
_cJohn Henry Williams
260 _aNew York :
_bMacmillan,
_cc1951 [Printed 1959].
300 _axi, 343 p. :
_bill ;
_c23 cm.
500 _aIncludes index.
650 0 _aEconomic policy
_96256
942 _2ddc
_cBK
999 _c1895
_d1895